Natürlich Europa 1992 - Chancen für die Natur

Guardado en:
Detalles Bibliográficos
Otros Autores: Franken, Michael, Ohler, Walter
Formato: Libro
Lenguaje:alemán
Publicado: Köln Volksblatt 1989
Edición:1. Aufl.
Materias:
Etiquetas: Agregar Etiqueta
Sin Etiquetas, Sea el primero en etiquetar este registro!

MARC

LEADER 00000nam a2200000 4500
001 c000727
005 20221215125419.2
020 |a 3-923243-44-8 
041 0 |a ger 
044 |a DE 
245 1 0 |a Natürlich Europa 1992 - Chancen für die Natur  |c Edit. Michael Franken, Walter Ohler 
250 |a 1. Aufl. 
264 1 |a Köln  |b Volksblatt  |c 1989 
300 |a 236 s. 
610 2 0 |a prostredie životné 
610 2 0 |a prostredie prírodné 
610 2 0 |a ekológia 
610 2 0 |a Európske spoločenstvá 
610 2 0 |a politika 
700 1 |a Franken, Michael 
700 1 |a Ohler, Walter